Economías centroamericanas: ¿qué las hace crecer? /

En este documento se presenta de entrada un breve repaso de la bibliografía acerca de la sostenibilidad del desarrollo económico; le sigue la elaboración de un modelo probit para identificar las variables que determinan el evento de que, en un año determinado, un país alcance un desarrollo económico...

Повний опис

Збережено в:
Бібліографічні деталі
Автор: René Cáceres, Luis
Формат: Текст
Предмети:
Теги: Додати тег
Немає тегів, Будьте першим, хто поставить тег для цього запису!

MARC

LEADER 00000 a a2200000 04500
001 43864
003
040
100 |a René Cáceres, Luis  
245 |a Economías centroamericanas:   |b ¿qué las hace crecer? /  |c Luis René Cáceres  
520 |a En este documento se presenta de entrada un breve repaso de la bibliografía acerca de la sostenibilidad del desarrollo económico; le sigue la elaboración de un modelo probit para identificar las variables que determinan el evento de que, en un año determinado, un país alcance un desarrollo económico mayor a cuatro porciento. El modelo se calcula para una muestra de tres naciones centroamericanas: Costa Rica, El Salvador y Guatemala, con datos anueales para el período de 1995 a 2007, con un total de 39 observaciones.  
590 |a RRH/SEPTIEMBRE2012  
650 |a 1.CRECIMIENTO ECONOMICO  
650 |a 2.INGRESO  
650 |a 3.PRODUCCION  
650 |a 4.EXPORTACIONES  
650 |a 5.TIPO DE CAMBIO  
650 |a 6.TERMINOS DE INTERCAMBIO  
650 |a 7.MODELO  
650 |a 8.GOBERNANCIA  
773 |g volumen59, número11 ( , 2009), páginas 910-921 : tablas  
999 |c 38821  |d 38821